Bệnh da nghề nghiệp

Đã lưu trong:
书目详细资料
主要作者: Lê Tử Vân
格式: 图书
语言:Undetermined
出版: H. Y Học 1998
主题:
标签: 添加标签
没有标签, 成为第一个标记此记录!
Thư viện lưu trữ: Trung tâm Học liệu Trường Đại học Cần Thơ
LEADER 00448nam a2200169Ia 4500
001 CTU_50113
008 210402s9999 xx 000 0 und d
082 |a 616.5 
082 |b V121 
100 |a Lê Tử Vân 
245 0 |a Bệnh da nghề nghiệp 
245 0 |c Lê Tử Vân 
260 |a H. 
260 |b Y Học 
260 |c 1998 
650 |a dermatology,skin disease 
980 |a Trung tâm Học liệu Trường Đại học Cần Thơ